The layman's parallel New Testament : (Record no. 4916)
[ view plain ]
| 000 -LEADER | |
|---|---|
| fixed length control field | 00698cam a2200205 4500 |
| 001 - CONTROL NUMBER | |
| control field | 99226 |
| 003 - CONTROL NUMBER IDENTIFIER | |
| control field | OCoLC |
| 005 - DATE AND TIME OF LATEST TRANSACTION | |
| control field | 20181217191918.0 |
| 008 - FIXED-LENGTH DATA ELEMENTS--GENERAL INFORMATION | |
| fixed length control field | 701104s1970 miu 000 0 eng |
| 010 ## - LIBRARY OF CONGRESS CONTROL NUMBER | |
| LC control number | 78132518 |
| 040 ## - CATALOGING SOURCE | |
| Original cataloging agency | DLC |
| Transcribing agency | DLC |
| Modifying agency | OH6 |
| 050 00 - LIBRARY OF CONGRESS CALL NUMBER | |
| Classification number | BS2025 1970 |
| Item number | .Z65 |
| 082 00 - DEWEY DECIMAL CLASSIFICATION NUMBER | |
| Classification number | REF 225 |
| 130 0# - MAIN ENTRY--UNIFORM TITLE | |
| Uniform title | Bible. |
| Name of part/section of a work | New Testament. |
| Language of a work | English. |
| Version | Layman's parallel. |
| Date of a work | 1970 |
| 245 14 - TITLE STATEMENT | |
| Title | The layman's parallel New Testament : |
| Remainder of title | King James version, the Amplified New Testament, the Living New Testament, Revised standard version |
| 260 ## - PUBLICATION, DISTRIBUTION, ETC. | |
| Place of publication, distribution, etc. | Grand Rapids, Mich., |
| Name of publisher, distributor, etc. | Zondervan Pub. House |
| Date of publication, distribution, etc. | [1970] |
| 300 ## - PHYSICAL DESCRIPTION | |
| Extent | xv, 943 p. |
| Dimensions | 25 cm |
| 630 00 - SUBJECT ADDED ENTRY--UNIFORM TITLE | |
| Uniform title | Bible. |
| Name of part/section of a work | New Testament. |
| Language of a work | English |
| General subdivision | Versions |
| 942 ## - ADDED ENTRY ELEMENTS (KOHA) | |
| Source of classification or shelving scheme | Dewey Decimal Classification |
| Koha item type | Reference |
| Withdrawn status | Lost status | Source of classification or shelving scheme | Damaged status | Not for loan | Collection code | Home library | Current library | Shelving location | Date acquired | Cost, normal purchase price | Total Checkouts | Full call number | Barcode | Date last seen | Price effective from | Koha item type |
|---|---|---|---|---|---|---|---|---|---|---|---|---|---|---|---|---|
| Dewey Decimal Classification | Not For Loan | Reference | Harvest Mission College | Harvest Mission College | Reference | 17.12.2018 | 500.00 | REF 225 | 005606 | 17.12.2018 | 17.12.2018 | Reference |
